Soitetuimmat kappaleet - suomi-iskelmä - Statistics

Yleistilastot
  • Tätä visaa on pelattu 299 kertaa
  • Keskiarvotulos 17 / 40
Vastaustilastot
% Oikein
Finlanders Oikeesti
98%
Jari Sillanpää Sinä ansaitset kultaa
74%
Irwin Goodman Ei tippa tapa
68%
Kaija Koo Tinakenkätyttö
68%
Kari Tapio Olen suomalainen
66%
Juha Tapio Kaksi puuta
64%
Annika Eklund Shanghain valot
64%
Rauli Badding Somerjoki Paratiisi
63%
Kikka Huone 105
60%
Matti ja Teppo Mä joka päivä töitä teen
57%
Kirka Hengaillaan
55%
Paula Koivuniemi Sata kesää, tuhat yötä
54%
Tapani Kansa R-a-k-a-s
51%
Olavi Virta Hopeinen kuu
50%
Jope Ruonansuu Enkeleitä toisillemme
48%
Katri Helena Joulumaa
46%
Pekka Ruuska Rafaelin enkeli
45%
Frederik Gran Canaria
44%
Tommi Läntinen Via Dolorosa
42%
Danny Kesäkatu
41%
Edu Kettunen Lentäjän poika
40%
Juha Vainio Albatrossi
37%
Jukka Kuoppamäki Sininen ja valkoinen
37%
Joel Hallikainen Kuurankukka
36%
Yölintu Mä putoan
36%
Meiju Suvas Pure mua
36%
Lea Laven Ei oo, ei tuu
35%
Marion Rung Tipi-tii
35%
Janne Tulkki Yksinäinen pitkä tie
33%
Arja Koriseva Enkelin silmin
32%
Riki Sorsa Haaveissa vainko oot mun
31%
Marita Taavitsainen André
30%
Sakari Kuosmanen Pieni sydän
24%
Petri Laaksonen Täällä Pohjantähden alla
19%
Virve Rosti Linnunrata
18%
Vesa-Matti Loiri Lennokki
16%
Mona Carita Rasputin
15%
Neljänsuora Mansikkaa ja valkoapilaa
12%
Eino Grön Hyvät hautajaiset
4%
Mauno Kuusisto Kertokaa se hänelle
4%
Ehtoja vastaavia visoja ei löytynyt
Tulosjakauma
Jokaisen tuloksen saaneiden osuus
Persentiili vastausten määrän mukaan
Tuloshistoriasi
Et ole pelannut tätä visaa